[Event "Chigorin Memorial"]
[Site "St Petersburg"]
[Date "2015.10.04"]
[Round "2.50"]
[White "Ivlev, Aleksey"]
[Black "Korchmar, Vasiliy"]
[Result "1/2-1/2"]
[WhiteElo "2215"]
[BlackElo "2402"]
[PlyCount "161"]
[EventDate "2015.10.03"]
[EventRounds "9"]
[EventCountry "RUS"]

1. e4 e5 2. Nf3 Nc6 3. d4 exd4 4. Nxd4 Nf6 5. Nc3 Bb4 6. Nxc6 bxc6 7. Bd3 d5 8.
exd5 cxd5 9. O-O O-O 10. Bg5 c6 11. Qf3 Bd6 12. Bxf6 Qxf6 13. Qxf6 gxf6 14. Ne2
Rb8 15. b3 Re8 16. Nd4 c5 17. Nf3 Bg4 18. a4 Bxf3 19. gxf3 Re5 20. Kh1 Rh5 21.
Rg1+ Kf8 22. Rg2 Rb4 23. Rd1 Rbh4 24. Bf1 Bf4 25. Re1 Bxh2 26. Rg4 Be5+ 27.
Rxh4 Rxh4+ 28. Kg1 Ke7 29. Bd3 Kd6 30. Kg2 Rh2+ 31. Kg1 Rh4 32. Kg2 h6 33. Rh1
Rxh1 34. Kxh1 Kc6 35. Bb5+ Kb6 36. Be8 Ka5 37. Bxf7 d4 38. Kg2 Kb4 39. Be6 Kc3
40. Bf5 a5 41. Kf1 Kb4 42. Be6 f5 43. Kg2 f4 44. Kh3 Kc3 45. Bf5 Bf6 46. Kg4
Bg5 47. Be4 Kd2 48. Bd3 Ke1 49. Be4 Kxf2 50. Bd5 Ke2 51. Be4 Ke3 52. Bd5 Kd2
53. Be4 Kc1 54. Kh5 Kb2 55. Kg4 Ka3 56. Bd5 Kb4 57. Be6 Kc3 58. Bf5 Kd2 59. Be4
Ke3 60. Bd5 Kf2 61. Bc6 Kg2 62. Bd5 Kf1 63. Bc6 Ke2 64. Bd5 Kd2 65. Be4 Kc3 66.
Bf5 c4 67. bxc4 Kb4 68. Bd7 Kxc4 69. Be8 Kc3 70. Bg6 Kb2 71. Bf5 Kc1 72. Bd3
Kd2 73. Bf5 Ke3 74. Be4 Ke2 75. Bd5 Kf2 76. Be4 Kg2 77. Bd5 Kf1 78. Bc6 Ke2 79.
Bd5 Ke3 80. Bc6 Be7 81. Bd5 1/2-1/2

[Event "Chigorin Memorial"]
[Site "St Petersburg"]
[Date "2015.10.04"]
[Round "2.51"]
[White "Zhikharev, Valeriy"]
[Black "Khusenkhojaev, Muhammad"]
[Result "0-1"]
[WhiteElo "2212"]
[BlackElo "2398"]
[PlyCount "65"]
[EventDate "2015.10.03"]
[EventRounds "9"]
[EventCountry "RUS"]

1. d4 Nf6 2. Nf3 g6 3. Nc3 d5 4. Bf4 Bg7 5. e3 c6 6. h3 O-O 7. Bd3 Nbd7 8. O-O
b6 9. a4 a5 10. Re1 Bb7 11. Ne5 Nh5 12. Nxd7 Qxd7 13. Bh2 e6 14. Rb1 Qe7 15.
Be2 Nf6 16. Bf3 Rfd8 17. Qd2 Rac8 18. Ne2 Bf8 19. b3 Nd7 20. Nc1 e5 21. dxe5
Nxe5 22. Be2 c5 23. Nd3 Nd7 24. Bf3 Nf6 25. Nf4 Ne4 26. Bxe4 dxe4 27. Qe2 c4
28. bxc4 Ba6 29. Rxb6 Bxc4 30. Qg4 Bg7 31. Bg3 f5 32. Bh4 Qc5 33. Bxd8 0-1

[Event "Chigorin Memorial"]
[Site "St Petersburg"]
[Date "2015.10.04"]
[Round "2.52"]
[White "Litvinov, Maxim"]
[Black "Purtov, Konstantin"]
[Result "1-0"]
[WhiteElo "2397"]
[BlackElo "2199"]
[PlyCount "99"]
[EventDate "2015.10.03"]
[EventRounds "9"]
[EventCountry "RUS"]

1. e4 e5 2. Nf3 Nc6 3. Bb5 a6 4. Ba4 Nf6 5. O-O Be7 6. Re1 b5 7. Bb3 d6 8. a4
Bb7 9. d3 O-O 10. Nc3 b4 11. Ne2 Na5 12. Ba2 c5 13. Ng3 Bc8 14. c3 Rb8 15. h3
bxc3 16. bxc3 Be6 17. Bxe6 fxe6 18. Be3 h6 19. d4 Qc7 20. Qe2 c4 21. Rab1 Rfc8
22. Qc2 Bf8 23. Rxb8 Rxb8 24. Rb1 Nb3 25. dxe5 dxe5 26. Nf1 Nd7 27. N1d2 Na5
28. Rxb8 Qxb8 29. Qa2 Qc7 30. Ne1 Kf7 31. Nc2 Qc6 32. Nb4 Bxb4 33. cxb4 c3 34.
bxa5 cxd2 35. Qxd2 Qxa4 36. Qd6 Qb5 37. f3 Nf6 38. Qc7+ Nd7 39. Kh2 Qd3 40. Bf2
Qb5 41. Bg3 Ke7 42. Bh4+ g5 43. Bf2 Qb4 44. Bb6 Qd2 45. Bc5+ Kf7 46. Ba3 Kg6
47. Qc6 Kf6 48. Qc8 Qxa5 49. Qh8+ Kg6 50. Qe8+ 1-0

[Event "Chigorin Memorial"]
[Site "St Petersburg"]
[Date "2015.10.04"]
[Round "2.53"]
[White "Zaykov, Sergey"]
[Black "Ponfilenok, Vladimir"]
[Result "1/2-1/2"]
[WhiteElo "2210"]
[BlackElo "2395"]
[PlyCount "67"]
[EventDate "2015.10.03"]
[EventRounds "9"]
[EventCountry "RUS"]

1. Nf3 e6 2. g3 f5 3. Bg2 Nf6 4. c4 d5 5. d4 c6 6. O-O Bd6 7. b3 Qe7 8. Bf4
Bxf4 9. gxf4 O-O 10. Nbd2 Nbd7 11. Ne5 Ne4 12. Ndf3 Ndf6 13. a3 Bd7 14. Nd3 Be8
15. Nfe5 Bh5 16. f3 Nd6 17. Qd2 Be8 18. a4 Nf7 19. Qb4 Qxb4 20. Nxb4 Nd7 21.
Nbd3 Rd8 22. a5 Nfxe5 23. fxe5 Kf7 24. f4 Ke7 25. Bf3 Nb8 26. e3 Na6 27. Rfd1
Rg8 28. Kf2 Bd7 29. h4 Rb8 30. Rd2 Be8 31. Rc2 Bd7 32. Rd2 Be8 33. Rc2 Bd7 34.
Rd2 1/2-1/2

[Event "Chigorin Memorial"]
[Site "St Petersburg"]
[Date "2015.10.04"]
[Round "2.55"]
[White "Larin, Maxim"]
[Black "Siva, Mahadevan"]
[Result "0-1"]
[WhiteElo "2199"]
[BlackElo "2392"]
[PlyCount "104"]
[EventDate "2015.10.03"]
[EventRounds "9"]
[EventCountry "RUS"]

1. d4 d5 2. c4 e6 3. Nc3 c6 4. e4 dxe4 5. Nxe4 Bb4+ 6. Bd2 Qxd4 7. Bxb4 Qxe4+
8. Ne2 Nd7 9. Bd6 Ne5 10. Bxe5 Qxe5 11. Qd2 Nf6 12. O-O-O O-O 13. f4 Qc7 14. g4
b6 15. g5 Ne4 16. Qe3 Bb7 17. Bg2 Nd6 18. Qe5 Rfd8 19. Ng3 Ne8 20. Ne4 c5 21.
h4 Qxe5 22. fxe5 Kf8 23. h5 h6 24. gxh6 gxh6 25. Rde1 Rd4 26. b3 Ng7 27. Rh2
Bxe4 28. Bxe4 Rad8 29. Kc2 Ke7 30. Kc3 Rd1 31. Re3 R8d4 32. Rg3 Rxe4 33. Rxg7
Rxe5 34. Rh7 Kf8 35. Rf2 Rd7 36. Rf6 Rxh5 37. Rxe6 Rh3+ 38. Kc2 Rh2+ 39. Kc3
Rxa2 40. Rexh6 Rdd2 41. b4 Rac2+ 42. Kb3 Rb2+ 43. Ka3 Rxb4 44. Rxf7+ Kxf7 45.
Rf6+ Ke7 46. Re6+ Kd8 47. Re8+ Kc7 48. Rc8+ Kd6 49. Rd8+ Kc7 50. Rc8+ Kd6 51.
Rc6+ Ke5 52. Rxc5+ Kd6 0-1

[Event "Chigorin Memorial"]
[Site "St Petersburg"]
[Date "2015.10.04"]
[Round "2.56"]
[White "Khadzhiev, Valery"]
[Black "Duzhakov, Ilya"]
[Result "0-1"]
[WhiteElo "2195"]
[BlackElo "2381"]
[PlyCount "54"]
[EventDate "2015.10.03"]
[EventRounds "9"]
[EventCountry "RUS"]

1. d4 Nf6 2. c4 g6 3. Nc3 d5 4. Bg5 Bg7 5. Bxf6 Bxf6 6. cxd5 c6 7. e4 O-O 8.
Nf3 cxd5 9. e5 Bg7 10. Qb3 Nc6 11. Bb5 Bg4 12. Bxc6 bxc6 13. O-O Rb8 14. Qa4
Bxf3 15. gxf3 Rxb2 16. Nd1 Rd2 17. Ne3 e6 18. f4 Qb6 19. Rfd1 Rb2 20. Rac1 Rc8
21. a3 Bh6 22. Ng4 Bxf4 23. Rc3 Bg5 24. Rf3 h5 25. Nf6+ Bxf6 26. exf6 Qb5 27.
Qxa7 Qe2 0-1

[Event "Chigorin Memorial"]
[Site "St Petersburg"]
[Date "2015.10.04"]
[Round "2.57"]
[White "Bublei, Pavel"]
[Black "Mamyrbay, Assad"]
[Result "1/2-1/2"]
[WhiteElo "2380"]
[BlackElo "2195"]
[PlyCount "84"]
[EventDate "2015.10.03"]
[EventRounds "9"]
[EventCountry "RUS"]

1. d4 Nf6 2. c4 g6 3. Nc3 d5 4. Bf4 Bg7 5. e3 O-O 6. Rc1 Be6 7. cxd5 Nxd5 8.
Nxd5 Qxd5 9. b3 c6 10. Qd2 Qd8 11. Nf3 Bd5 12. Be5 Bxf3 13. gxf3 Bxe5 14. dxe5
Qxd2+ 15. Kxd2 Nd7 16. f4 Rad8 17. Bd3 f6 18. e6 Nb6 19. Kc2 f5 20. h4 Rd6 21.
h5 Rxe6 22. hxg6 hxg6 23. Rh6 Kg7 24. Rch1 Nd5 25. Rh7+ Kf6 26. a3 Rd6 27. Rh8
Rfd8 28. Rxd8 Rxd8 29. Rh7 Nc7 30. Bc4 Ne6 31. b4 b5 32. Bb3 Ra8 33. a4 a5 34.
axb5 cxb5 35. bxa5 Rxa5 36. Rh8 Ra6 37. Rb8 g5 38. fxg5+ Nxg5 39. Rxb5 Ne4 40.
f3 Rc6+ 41. Kd3 Nc5+ 42. Ke2 Nxb3 1/2-1/2

[Event "Chigorin Memorial"]
[Site "St Petersburg"]
[Date "2015.10.04"]
[Round "2.58"]
[White "Evdokimov, Alexey"]
[Black "Rodin, Dmitrij"]
[Result "0-1"]
[WhiteElo "2193"]
[BlackElo "2378"]
[PlyCount "72"]
[EventDate "2015.10.03"]
[EventRounds "9"]
[EventCountry "RUS"]

1. Nf3 Nf6 2. g3 b6 3. Bg2 Bb7 4. c4 e6 5. O-O c5 6. Nc3 Be7 7. a3 O-O 8. Rb1
Nc6 9. d3 d5 10. Qa4 Qd7 11. b4 Rfd8 12. bxc5 d4 13. Na2 Bxc5 14. Nb4 h6 15.
Nd2 Rac8 16. Nxc6 Bxc6 17. Bxc6 Rxc6 18. Nf3 Qb7 19. Bd2 Nd7 20. Qb5 e5 21. a4
Re6 22. Qb2 Nf6 23. Bb4 Bxb4 24. Qxb4 e4 25. Ne1 Qc7 26. Rc1 Re5 27. dxe4 Nxe4
28. Nf3 Rc5 29. Rc2 d3 30. exd3 Rxd3 31. Re1 Qc6 32. Nh4 Ng5 33. h3 Nxh3+ 34.
Kh2 Ng5 35. Rc3 Nf3+ 36. Nxf3 Qxf3 0-1

[Event "Chigorin Memorial"]
[Site "St Petersburg"]
[Date "2015.10.04"]
[Round "2.59"]
[White "Sanzhaev, Darsen"]
[Black "Dragun, Valentin"]
[Result "1/2-1/2"]
[WhiteElo "2378"]
[BlackElo "2190"]
[PlyCount "79"]
[EventDate "2015.10.03"]
[EventRounds "9"]
[EventCountry "RUS"]

1. d4 d6 2. c4 g6 3. Nc3 Bg7 4. e4 Nf6 5. f3 O-O 6. Be3 Nc6 7. Nge2 Rb8 8. Rc1
a6 9. Qd2 Bd7 10. Nd1 Re8 11. Nf2 b5 12. c5 dxc5 13. Rxc5 e5 14. d5 Ne7 15. Nd3
c6 16. d6 Nc8 17. Nb4 Re6 18. Nxc6 Bxc6 19. Rxc6 Rxd6 20. Rxd6 Nxd6 21. Nc3 Rb7
22. Be2 Rd7 23. Qc2 Qc7 24. Qb3 Nc4 25. Bxc4 bxc4 26. Qa4 Rd3 27. Ke2 Rxe3+ 28.
Kxe3 Qb6+ 29. Kd2 Qxb2+ 30. Qc2 Bh6+ 31. Kd1 Qa1+ 32. Nb1 Nh5 33. Ke1 Nf4 34.
Kf1 Ne6 35. Kf2 Qd4+ 36. Kf1 Qa1 37. Kf2 Qd4+ 38. Kf1 Qa1 39. Kf2 Qd4+ 40. Kf1
1/2-1/2

[Event "Chigorin Memorial"]
[Site "St Petersburg"]
[Date "2015.10.04"]
[Round "2.60"]
[White "Baraeva, Marina"]
[Black "Chashchev, Sergey"]
[Result "1-0"]
[WhiteElo "2189"]
[BlackElo "2377"]
[PlyCount "77"]
[EventDate "2015.10.03"]
[EventRounds "9"]
[EventCountry "RUS"]

1. d4 d6 2. Nf3 Bg4 3. c4 Nd7 4. Nc3 e6 5. e4 c6 6. Be2 Qc7 7. Be3 Be7 8. Qd2
Ngf6 9. h3 Bh5 10. O-O O-O 11. Rfd1 Rfe8 12. Ne1 Bxe2 13. Qxe2 c5 14. d5 exd5
15. exd5 Bf8 16. Nd3 Ne4 17. Rac1 g6 18. Nxe4 Rxe4 19. f3 Re7 20. Qd2 Rae8 21.
Re1 Bg7 22. Bg5 Bd4+ 23. Kh1 f6 24. Bh6 Kf7 25. Rxe7+ Rxe7 26. Re1 Ne5 27.
Nxe5+ dxe5 28. Be3 a6 29. b4 b6 30. bxc5 bxc5 31. Rb1 Kg7 32. Bh6+ Kf7 33. Qd3
f5 34. Qa3 Qc8 35. Qb3 Rd7 36. Qb6 Qe8 37. Qc6 Re7 38. Qd6 Qd7 39. Rb8 1-0

[Event "Chigorin Memorial"]
[Site "St Petersburg"]
[Date "2015.10.04"]
[Round "2.61"]
[White "Basencyan, Mark"]
[Black "Kotlyar, Kirill"]
[Result "0-1"]
[WhiteElo "2187"]
[BlackElo "2370"]
[PlyCount "56"]
[EventDate "2015.10.03"]
[EventRounds "9"]
[EventCountry "RUS"]

1. d4 Nf6 2. c4 b6 3. Nc3 Bb7 4. Qc2 d5 5. cxd5 Nxd5 6. Nf3 Nxc3 7. bxc3 g6 8.
e4 Bg7 9. h4 h6 10. Bb5+ c6 11. Bc4 Nd7 12. e5 e6 13. h5 g5 14. Nd2 c5 15. Ne4
O-O 16. O-O cxd4 17. cxd4 Qc7 18. Bd3 Qxc2 19. Bxc2 Rac8 20. Bd3 Bxe4 21. Bxe4
Rc4 22. Ba3 Rd8 23. Be7 Re8 24. Bd6 Rxd4 25. Bc6 Rd8 26. Bc7 Rc8 27. Rad1 Rxd1
28. Rxd1 Nf8 0-1

[Event "Chigorin Memorial"]
[Site "St Petersburg"]
[Date "2015.10.04"]
[Round "2.62"]
[White "Yanchenko, Roman"]
[Black "Derakhshani, Borna"]
[Result "1-0"]
[WhiteElo "2370"]
[BlackElo "2186"]
[PlyCount "91"]
[EventDate "2015.10.03"]
[EventRounds "9"]
[EventCountry "RUS"]

1. d4 Nf6 2. c4 e6 3. g3 d5 4. Nf3 Nc6 5. Bg2 dxc4 6. O-O Rb8 7. Bg5 Be7 8. e3
h6 9. Bxf6 Bxf6 10. Qc1 e5 11. dxe5 Nxe5 12. Nxe5 Bxe5 13. Qxc4 O-O 14. Nc3 Be6
15. Qc5 Qd6 16. Qxa7 Qb4 17. Rab1 c6 18. a3 Qe7 19. Bxc6 Qc7 20. Bg2 Bxc3 21.
bxc3 Qxc3 22. Bxb7 Qc7 23. Rfc1 Qe7 24. Qa6 Bf5 25. Rb4 Rfd8 26. Qa5 Bh3 27.
Bg2 Bxg2 28. Rxb8 Rxb8 29. Kxg2 Rb3 30. Qf5 g6 31. Qf4 Qb7+ 32. e4 g5 33. Qe5
Rxa3 34. Qe8+ Kg7 35. Rc8 Ra6 36. h4 Kf6 37. Qh8+ Ke6 38. Re8+ Kd7 39. Qf8 Kc6
40. Rc8+ Kd7 41. Rd8+ Kc6 42. Qe8+ Kc5 43. Qe5+ Kc4 44. Qd4+ Kb3 45. Qd1+ Kc4
46. Qc2+ 1-0

[Event "Chigorin Memorial"]
[Site "St Petersburg"]
[Date "2015.10.04"]
[Round "2.63"]
[White "Dilmukhametov, Artur"]
[Black "Lokander, Martin"]
[Result "1-0"]
[WhiteElo "2187"]
[BlackElo "2369"]
[PlyCount "79"]
[EventDate "2015.10.03"]
[EventRounds "9"]
[EventCountry "RUS"]

1. e4 e5 2. Nf3 Nc6 3. Bb5 a6 4. Ba4 Nf6 5. Bxc6 dxc6 6. d3 Nd7 7. O-O Bd6 8.
Nbd2 Nc5 9. Nc4 f6 10. h3 Ne6 11. Be3 O-O 12. d4 exd4 13. Nxd4 Nxd4 14. Qxd4
Be7 15. Qc3 b6 16. Rad1 Qe8 17. Bf4 Bd8 18. Rfe1 Be6 19. Ne3 Rf7 20. Nf5 c5 21.
Rd3 Rd7 22. Red1 Rxd3 23. Rxd3 Rc8 24. Rg3 g6 25. Nh6+ Kg7 26. Nf5+ Kg8 27.
Nh6+ Kf8 28. Rf3 Ke7 29. Ng4 Bxg4 30. hxg4 Qc6 31. Rh3 Qe6 32. Rxh7+ Ke8 33.
Rh8+ Kd7 34. Qd3+ Ke7 35. e5 Qxg4 36. exf6+ Ke6 37. Qe4+ Kf7 38. Qe8+ Kxf6 39.
Rf8+ Kg7 40. Qf7# 1-0

[Event "Chigorin Memorial"]
[Site "St Petersburg"]
[Date "2015.10.04"]
[Round "2.64"]
[White "Martynov, Pavel"]
[Black "Salman, Pavel"]
[Result "0-1"]
[WhiteElo "2369"]
[BlackElo "2183"]
[PlyCount "140"]
[EventDate "2015.10.03"]
[EventRounds "9"]
[EventCountry "RUS"]

1. d4 Nf6 2. c4 e6 3. Nc3 Bb4 4. Qc2 c5 5. dxc5 Bxc5 6. Nf3 Qb6 7. e3 a6 8. Bd3
Qc7 9. a3 Be7 10. b4 b6 11. Bb2 Bb7 12. Ne4 Nc6 13. Rc1 d6 14. O-O Nxe4 15.
Bxe4 f5 16. Bd3 Ne5 17. Nxe5 dxe5 18. e4 f4 19. c5 bxc5 20. bxc5 Kf7 21. c6 Bc8
22. Qc3 Kf6 23. Rfd1 Rb8 24. g3 g5 25. Bf1 Rg8 26. Ba1 Bd6 27. Kh1 Rb6 28. Rd3
a5 29. Rd2 a4 30. Rb2 Rg7 31. Bb5 Qa7 32. Rd1 Bc7 33. Qc5 Rf7 34. Bc4 Ra6 35.
Qxa7 Rxa7 36. Rb4 Ke7 37. Kg2 Ra5 38. Bb5 Bd6 39. Rxa4 f3+ 40. Kh3 Rxb5 41.
Ra7+ Kf6 42. Rxf7+ Kxf7 43. Rxd6 h5 44. g4 h4 45. Rd3 Rb1 46. Rxf3+ Ke8 47. c7
Ba6 48. Rd3 Rxa1 49. f4 exf4 50. Kg2 Rc1 51. Rd6 Bb7 52. Rxe6+ Kd7 53. Re5 Kxc7
54. Rxg5 Bxe4+ 55. Kh3 f3 56. Rg7+ Kd6 57. Rf7 Rc2 58. Kxh4 Rxh2+ 59. Kg3 Rg2+
60. Kf4 Bd5 61. Rf6+ Ke7 62. Rf5 Bc6 63. g5 Rg1 64. Ke3 Ra1 65. Ra5 Re1+ 66.
Kf2 Re2+ 67. Kf1 Rg2 68. a4 Ke6 69. Rc5 Be4 70. Rc3 Rxg5 0-1

[Event "Chigorin Memorial"]
[Site "St Petersburg"]
[Date "2015.10.04"]
[Round "2.65"]
[White "Obgolts, Erik"]
[Black "Atabayev, Saparmyrat"]
[Result "1-0"]
[WhiteElo "2184"]
[BlackElo "2368"]
[PlyCount "93"]
[EventDate "2015.10.03"]
[EventRounds "9"]
[EventCountry "RUS"]

1. Nf3 Nf6 2. g3 c5 3. Bg2 Nc6 4. O-O e5 5. e4 Be7 6. Nc3 d6 7. d3 O-O 8. h3 h6
9. Nd2 Nd4 10. a4 Bd7 11. Nc4 Bc6 12. Ne3 Qd7 13. Ncd5 Nxd5 14. Nxd5 Bg5 15. f4
exf4 16. gxf4 Bd8 17. c3 Ne6 18. Ne3 Nc7 19. d4 cxd4 20. cxd4 d5 21. e5 f5 22.
b3 Be7 23. Ba3 Bxa3 24. Rxa3 a5 25. Ra2 Ra6 26. Qd3 Rb6 27. Raf2 Na6 28. Kh2
Nb4 29. Qd2 Qe6 30. Rc1 Rd8 31. Rc5 Ra6 32. h4 b6 33. Rc3 Ra7 34. Bh3 Rf7 35.
Rg2 Rff8 36. Nc2 Nxc2 37. Qxc2 Be8 38. Rc7 Rd7 39. Rc6 Qe7 40. Qf2 Qb4 41. Qe3
Rb7 42. Rc8 Qe7 43. Qg3 Rc7 44. Qxg7+ Qxg7 45. Rxc7 Rf7 46. Rxg7+ Kxg7 47.
Rxf7+ 1-0

[Event "Chigorin Memorial"]
[Site "St Petersburg"]
[Date "2015.10.04"]
[Round "2.66"]
[White "Zherebtsova, Alexandra"]
[Black "Khanin, Semen"]
[Result "0-1"]
[WhiteElo "2181"]
[BlackElo "2359"]
[PlyCount "49"]
[EventDate "2015.10.03"]
[EventRounds "9"]
[EventCountry "RUS"]

1. d4 Nf6 2. Nf3 g6 3. g3 Bg7 4. Bg2 O-O 5. c4 d6 6. Nc3 Nbd7 7. O-O e5 8. e4
c6 9. h3 Qa5 10. Re1 exd4 11. Nxd4 Ne5 12. Bf1 Re8 13. Be3 Be6 14. Nxe6 Rxe6
15. f4 Nxe4 16. fxe5 Nxg3 17. Bg2 Nf5 18. Bf2 Bxe5 19. Qb3 Qc7 20. Ne4 Qe7 21.
Rad1 Re8 22. Rf1 Nh4 23. Bxh4 Qxh4 24. c5 d5 25. Nd6 {unreadable} 0-1

[Event "Chigorin Memorial"]
[Site "St Petersburg"]
[Date "2015.10.04"]
[Round "2.67"]
[White "Gubajdullin, Alexei"]
[Black "Reshetnikov, Ruslan"]
[Result "1/2-1/2"]
[WhiteElo "2359"]
[BlackElo "2178"]
[PlyCount "223"]
[EventDate "2015.10.03"]
[EventRounds "9"]
[EventCountry "RUS"]

1. Nf3 Nf6 2. e3 d5 3. b3 g6 4. Bb2 Bg7 5. c4 c6 6. Be2 O-O 7. O-O Bg4 8. h3
Bxf3 9. Bxf3 Nbd7 10. Nc3 e6 11. Qc2 Rc8 12. d4 b5 13. e4 dxe4 14. Nxe4 Nxe4
15. Bxe4 bxc4 16. bxc4 Qc7 17. Rad1 Rfd8 18. Bc1 Rb8 19. d5 cxd5 20. cxd5 Qxc2
21. Bxc2 exd5 22. Rxd5 Nb6 23. Rxd8+ Rxd8 24. Rd1 Rxd1+ 25. Bxd1 Kf8 26. h4 Ke7
27. h5 Bd4 28. Kf1 Nd5 29. Bg5+ Bf6 30. Bd2 Bc3 31. Bc1 Bd4 32. Bb3 Nf6 33. h6
Ng4 34. f3 Ne3+ 35. Kf2 Nf5+ 36. Ke2 Bc5 37. Kd3 Nd6 38. a4 Bb6 39. Ba3 Bc7 40.
Bc5 Bb8 41. g4 Kd7 42. Bd5 Ke8 43. a5 Nc8 44. Kc4 Bf4 45. Kb5 Bxh6 46. Ka6 Bd2
47. Bc4 h5 48. gxh5 gxh5 49. Kb7 Kd7 50. Bb5+ Kd8 51. a6 Ba5 52. Bf1 Bb6 53.
Bb4 Ne7 54. Bh3 Nd5 55. Bd6 Ne3 56. Bg3 Nc4 57. Bh4+ Ke8 58. Bf6 Nd2 59. Bg2
Nb3 60. Kc6 Nd4+ 61. Kd5 Ne6 62. Bf1 Bf2 63. Ke4 Kd7 64. f4 Kc6 65. f5 Nc7 66.
Bc4 Ne8 67. Bd5+ Kd7 68. Be5 f6 69. Bc3 h4 70. Kf3 Bb6 71. Kg4 Bf2 72. Kf3 Bb6
73. Be1 Nd6 74. Kg4 h3 75. Bc3 Ke7 76. Bb4 h2 77. Bc6 Bc7 78. Bc5 Bb8 79. Kh5
Kf7 80. Kg4 Nb5 81. Kh3 Nc7 82. Kg2 Nxa6 83. Ba3 Be5 84. Bb5 Nc7 85. Bc4+ Kg7
86. Bc5 a5 87. Bb3 Nb5 88. Bb6 Bc7 89. Be3 Nc3 90. Bd2 Ne4 91. Be1 Ng5 92. Kh1
Kh6 93. Bc2 Nf3 94. Bf2 Kg5 95. Kg2 Nh4+ 96. Kh1 Nxf5 97. Be1 Nd4 98. Ba4 Kf5
99. Kg2 Ke4 100. Bd7 Nf5 101. Bf2 Ne3+ 102. Kh1 Nc2 103. Bc6+ Kd3 104. Bh4 Be5
105. Bf2 Kc3 106. Ba4 Bd4 107. Bh4 Kb2 108. Kxh2 Nb4 109. Kg3 Ka3 110. Bd7 a4
111. Kf4 Kb3 112. Bxa4+ 1/2-1/2

[Event "Chigorin Memorial"]
[Site "St Petersburg"]
[Date "2015.10.04"]
[Round "2.68"]
[White "Tugarin, Anton"]
[Black "Shevchenko, Kirill"]
[Result "1/2-1/2"]
[WhiteElo "2177"]
[BlackElo "2359"]
[PlyCount "101"]
[EventDate "2015.10.03"]
[EventRounds "9"]
[EventCountry "RUS"]

1. Nf3 Nf6 2. c4 g6 3. Nc3 Bg7 4. e4 d6 5. d4 O-O 6. Be2 e5 7. O-O exd4 8. Nxd4
c6 9. Re1 Re8 10. Bf1 Nbd7 11. Bg5 Qc7 12. Qd2 Ne5 13. Rad1 a5 14. Nc2 Be6 15.
Qxd6 Qxd6 16. Rxd6 h6 17. Bf4 Nh5 18. Bxe5 Bxe5 19. Rd2 Rad8 20. Red1 Rxd2 21.
Rxd2 f5 22. Nd4 Rd8 23. Nf3 Rxd2 24. Nxd2 Nf6 25. exf5 Bxf5 26. g3 Kf7 27. f3
Bd4+ 28. Kg2 Bc2 29. Nb3 Bxb3 30. axb3 Nd7 31. Na4 Nc5 32. Nxc5 Bxc5 33. f4 Kf6
34. Kf3 g5 35. Ke4 gxf4 36. gxf4 Bg1 37. h3 Bc5 38. Be2 Bb4 39. Bg4 Bd2 40. c5
Be1 41. Ke3 Bb4 42. Kd4 Be1 43. Kc4 Bf2 44. b4 axb4 45. Kxb4 b6 46. cxb6 Bxb6
47. Bd7 Bd4 48. b3 c5+ 49. Kc4 Be3 50. Bg4 Bf2 51. Kd5 1/2-1/2

[Event "Chigorin Memorial"]
[Site "St Petersburg"]
[Date "2015.10.04"]
[Round "2.69"]
[White "Akkozov, Berik"]
[Black "Pyatin, Alexander"]
[Result "1-0"]
[WhiteElo "2356"]
[BlackElo "2175"]
[PlyCount "57"]
[EventDate "2015.10.03"]
[EventRounds "9"]
[EventCountry "RUS"]

1. d4 Nf6 2. Nf3 g6 3. c4 Bg7 4. Nc3 c5 5. d5 O-O 6. e4 d6 7. Bf4 Nh5 8. Bg5 h6
9. Be3 a6 10. Qd2 Kh7 11. Be2 Bg4 12. Ng5+ hxg5 13. Bxg4 Nf4 14. Kf1 e5 15. h4
Bh6 16. g3 Kg7 17. Qc2 f5 18. exf5 gxf5 19. Bxf5 Qf6 20. gxf4 gxf4 21. Rg1+ Kh8
22. Rg6 Qxh4 23. Kg2 Rf6 24. Rg4 f3+ 25. Kxf3 Qh5 26. Bxh6 Rxf5+ 27. Kg3 Nc6
28. Qxf5 Qxf5 29. Rh1 1-0

[Event "Chigorin Memorial"]
[Site "St Petersburg"]
[Date "2015.10.04"]
[Round "2.70"]
[White "Shubin, Kirill"]
[Black "Derakhshani, Dorsa"]
[Result "1/2-1/2"]
[WhiteElo "2176"]
[BlackElo "2356"]
[PlyCount "130"]
[EventDate "2015.10.03"]
[EventRounds "9"]
[EventCountry "RUS"]

1. e4 c5 2. Nf3 d6 3. d4 cxd4 4. Qxd4 a6 5. h3 Nc6 6. Qe3 g6 7. c4 Bg7 8. Be2
Nf6 9. O-O O-O 10. Nc3 Nd7 11. Rb1 Nde5 12. Rd1 f5 13. Nxe5 Bxe5 14. f4 Bxc3
15. Qxc3 Qb6+ 16. Be3 Qb4 17. Qc2 fxe4 18. Rd5 b5 19. cxb5 Be6 20. Qxc6 Rfc8
21. Rd4 Qa5 22. Qxe4 Bf5 23. Bc4+ Kf8 24. Qd5 Rxc4 25. Rxc4 axb5 26. Rcc1 Bxb1
27. Rxb1 Qxa2 28. Qxa2 Rxa2 29. Kf2 Kf7 30. Bd4 Ke6 31. Ke3 Kd5 32. Bc3 Kc4 33.
Rd1 Kb3 34. Rd4 Ra4 35. Rxa4 bxa4 36. Bg7 e6 37. Kd3 d5 38. Kd4 Kxb2 39. Ke5
Kc3 40. Kxe6+ Kc4 41. g4 a3 42. f5 gxf5 43. gxf5 d4 44. f6 a2 45. f7 a1=Q 46.
f8=Q Qe1+ 47. Kd7 Qe4 48. Qf1+ Kc3 49. Qa1+ Kc4 50. Qa4+ Kc3 51. Qa3+ Kc4 52.
Qa2+ Kc3 53. Qa1+ Kc4 54. Qc1+ Kb3 55. Qd1+ Kc3 56. Qa1+ Kc4 57. Qa4+ Kc3 58.
Qa5+ Kc4 59. Qa6+ Kc3 60. Qa1+ Kc4 61. Qc1+ Kb3 62. Qg5 Qb7+ 63. Kd6 d3 64. Bh6
Qb8+ 65. Ke7 Qc7+ 1/2-1/2

[Event "Chigorin Memorial"]
[Site "St Petersburg"]
[Date "2015.10.04"]
[Round "2.71"]
[White "Musaev, Rasul"]
[Black "Pimenov, Valeri"]
[Result "1-0"]
[WhiteElo "2351"]
[BlackElo "2171"]
[PlyCount "65"]
[EventDate "2015.10.03"]
[EventRounds "9"]
[EventCountry "RUS"]

1. e4 c5 2. Nf3 e6 3. Nc3 Nc6 4. g3 d5 5. d3 Nf6 6. Bg5 Be7 7. exd5 Nxd5 8.
Bxe7 Qxe7 9. Bg2 O-O 10. O-O Nxc3 11. bxc3 Rb8 12. Qe2 b6 13. Nd2 Bb7 14. f4
Qc7 15. a4 Ne7 16. Bxb7 Qxb7 17. Nc4 Qd5 18. Rfe1 Nc6 19. Qf2 Rfe8 20. Re3 f6
21. Rae1 a6 22. Qg2 Qd7 23. Qh3 Nd8 24. g4 Qxa4 25. g5 b5 26. Nd6 Rf8 27. Ne4
Qxc2 28. gxf6 Rb7 29. R3e2 Qb3 30. Nxc5 Qxc3 31. Nxb7 Qd4+ 32. Re3 Nxb7 33.
Qxe6+ 1-0

[Event "Chigorin Memorial"]
[Site "St Petersburg"]
[Date "2015.10.04"]
[Round "2.72"]
[White "Galaktionov, Artem"]
[Black "Bivol, Alina"]
[Result "1/2-1/2"]
[WhiteElo "2174"]
[BlackElo "2350"]
[PlyCount "117"]
[EventDate "2015.10.03"]
[EventRounds "9"]
[EventCountry "RUS"]

1. d4 Nf6 2. Nf3 e6 3. c4 Bb4+ 4. Nbd2 O-O 5. a3 Be7 6. e3 b6 7. Bd3 c5 8. O-O
Bb7 9. b3 d6 10. Bb2 Nbd7 11. b4 Re8 12. Qe2 Bf8 13. e4 cxd4 14. Bxd4 a5 15.
Rfb1 e5 16. Bb2 axb4 17. axb4 b5 18. cxb5 d5 19. Rxa8 Qxa8 20. Ra1 Qb8 21. Bc2
Bxb4 22. exd5 Bxd5 23. Rd1 e4 24. Ng5 Qf4 25. Nh3 Qc7 26. Rc1 Qb8 27. Nf1 h6
28. Rb1 Bc5 29. Bc1 Nb6 30. Bb3 Bxb3 31. Rxb3 Nbd5 32. Ne3 Qa8 33. Nf5 Qa1 34.
Qc2 Rc8 35. Kh1 Qe5 36. b6 Nxb6 37. Nxh6+ gxh6 38. Rxb6 Bxb6 39. Qxc8+ Kg7 40.
Qc2 Ng4 41. Bb2 Bd4 42. Bxd4 Qxd4 43. f3 Nf6 44. fxe4 Nxe4 45. Qe2 f5 46. g3
Qd5 47. Kg1 Qc5+ 48. Kg2 Nc3 49. Qf3 Nd5 50. Nf4 Nxf4+ 51. Qxf4 Qd5+ 52. Kh3
Kg6 53. Qb4 Qe6 54. Qf4 h5 55. Kg2 Qd5+ 56. Kg1 Qd1+ 57. Kg2 Qe2+ 58. Kg1 Qd1+
59. Kg2 1/2-1/2

[Event "Chigorin Memorial"]
[Site "St Petersburg"]
[Date "2015.10.04"]
[Round "2.73"]
[White "Yandarbiev, Ruslan"]
[Black "Pogosian, Vladimir"]
[Result "1-0"]
[WhiteElo "2344"]
[BlackElo "2167"]
[PlyCount "107"]
[EventDate "2015.10.03"]
[EventRounds "9"]
[EventCountry "RUS"]

1. e4 d6 2. d4 Nf6 3. Nc3 e5 4. Nge2 Be7 5. g3 Bg4 6. Bg2 Qc8 7. h3 Bd7 8. g4
h6 9. Be3 b5 10. a3 a5 11. Qd2 Na6 12. Ng3 O-O 13. O-O b4 14. Nce2 c5 15. dxe5
dxe5 16. Nf5 Bxf5 17. exf5 Rd8 18. Qc1 Ra7 19. Ng3 Rad7 20. axb4 axb4 21. Ra5
Nd5 22. Ne4 f6 23. Qa1 Nxe3 24. fxe3 Nb8 25. Qa2+ Kh7 26. Qc4 Nc6 27. Ra6 Nb8
28. Re6 Qc7 29. Bf3 Kh8 30. h4 Nc6 31. Ra1 Na5 32. Qb5 Nb7 33. Ra7 Qc8 34. Qa6
c4 35. Rc6 Qb8 36. Rb6 c3 37. bxc3 Bc5 38. Nxc5 e4 39. Nxe4 Rd2 40. Nd6 R2xd6
41. Rxd6 Nxd6 42. Ra8 Qc7 43. Rxd8+ Qxd8 44. cxb4 Qe7 45. Kg2 h5 46. gxh5 Qe5
47. Qa8+ Kh7 48. Qd5 Qe7 49. c4 Nf7 50. c5 Ne5 51. Qe6 Qd8 52. Bd5 Ng4 53. Kf3
Ne5+ 54. Kg3 1-0